| 000 | 00390nam a2200145Ia 4500 | ||
|---|---|---|---|
| 008 | 240624s9999 xx 000 0 und d | ||
| 041 | _aeng | ||
| 082 | _a658.4092 QUI | ||
| 100 | _aQUINN ROBERT E | ||
| 245 | _aBECOMING A MASTER MANAGER A COMPETING VALUES APPROACH | ||
| 250 | _a(4th ed.) | ||
| 260 |
_c2006 _aHoboken _bJohn Wiley |
||
| 300 | _axviii, , 379 , 25 : p. : cm. | ||
| 365 |
_c _b29 |
||
| 999 |
_c6935 _d6935 |
||